The Asian renaissance

Bibliographic Details
Main Author: Anwar Ibrahim 1947 -
Format: Book
Published: Singapore : Times Books International , 1988
Subjects:

MARC

LEADER 00000cam a2200000 7i4500
001 0000000145
005 20000708.0
020 0 0 |a 9812047832 
090 0 0 |a 950.4   |b ANW 1997 
100 0 0 |a Anwar Ibrahim   |c 1947 - 
245 1 4 |a The Asian renaissance   |c Anwar Ibrahim 
260 0 0 |a Singapore :   |b Times Books International ,   |c 1988 
300 |a 159 p. :   |b port. ;   |c 23 cm. 
500 0 0 |a Bibliography: [p. 139-147] and index 
651 0 0 |a Asia   |x Civilization   |y 20th century 
651 0 0 |a Asia   |x Economic conditions   |y 1945- 
651 0 0 |a Asia   |x Social conditions   |y 20th century 
651 0 0 |a East and West 
999 |a 0000001349   |b Monograph   |c Open Shelf   |e Default branch